01003nam a2200265 i 4500001001000000003000900010005001700019007000300036008004100039040003000080082001400110100003800124245010500162264005600267300002500323336002700348337003300375338002800408500011000436590002700546910000700573942001400580952012600594999001700720000038104DO-SdBNP20240215090754.0ta110427s1914 dr 000 0 spa d aDO-SdBNPbspacBNPHUerda 222bI597c aCreales, Ervidio B.eautor9849211 aContribución al estudio del valor semiolójico de la eosinofilia hemática /cErvidio B. Creales aSanto Domingo :bImprenta La Cuna de America,c1914 a59 paginas ;c26 cm. 2rdacontentatextobtxt 2rdamediaasin mediaciónbn 2rdacarrieravolumenbnc aTesis para la licenciatura, el acto sera sustentado por Ervido B. Creales, bachiller en letras y Ciencias aInventariado, 2024/ DG aDG 2ddccLBS1 00102ddc51708PDaBNPHUbBNPHUcCTd2024-01-16edonaciónl0oBNPHU PD I597cp2024-0245r2024-01-16w2024-01-16yLBS1 c55687d55687